[Event "NOR-chT Eliteserien 2018-19"]
[Site "Norway"]
[Date "2019.01.12"]
[Round "5"]
[White "Holm, Kristian Stuvik"]
[Black "Machlik, Endre"]
[Result "1-0"]
[WhiteElo "2468"]
[BlackElo "2186"]
[Annotator "ChessBase"]
[PlyCount "127"]
[EventDate "2018.11.02"]
[EventType "team-tourn"]
[EventCountry "NOR"]
[SourceTitle "playchess.com"]
[Source "ChessBase"]
[SourceQuality "1"]
[TimeControl "40/5400+30:1800+30"]

1. c4 {[%emt 0:03:36]} Nf6 {[%emt 0:00:00]} 2. Nc3 {[%emt 0:00:21]} e6 {[%emt 0:01:11]} 3. e4 {[%emt 0:00:10]} c5 {[%emt 0:00:42]} 4. Nf3 {[%emt 0:03:54]} Nc6 {[%emt 0:00:25]} 5. d4 {[%emt 0:00:37]} cxd4 {[%emt 0:00:24]} 6. Nxd4 {[%emt 0:00:03]} Bb4 {[%emt 0:00:42]} 7. Nxc6 {[%emt 0:00:45]} bxc6 {[%emt 0:01:18]} 8. Bd3 {[%emt 0:00:18]} d5 {[%emt 0:09:18]} 9. cxd5 {[%emt 0:05:42]} exd5 {[%emt 0:00:14]} 10. exd5 {[%emt 0:03:55]} Nxd5 {[%emt 0:00:34]} 11. O-O {[%emt 0:00:06]} O-O {[%emt 0:03:57]} 12. Ne4 {[%emt 0:06:08]} Bf5 {[%emt 0:04:20]} 13. Qc2 {[%emt 0:00:59]} Re8 {[%emt 0:20:03]} 14. Nf6+ {[%emt 0:07:58]} Nxf6 {[%emt 0:04:22]} 15. Bxf5 {[%emt 0:00:11]} Qd5 {[%emt 0:02:25]} 16. Be3 {[%emt 0:11:07]} Ne4 {[%emt 0:06:40]} 17. Bxe4 {[%emt 0:04:20]} Rxe4 {[%emt 0:00:25]} 18. Rfd1 {[%emt 0:00:18]} Qe6 {[%emt 0:00:57]} 19. Rac1 {[%emt 0:00:57]} Rc8 {[%emt 0:06:14]} 20. a3 {[%emt 0:01:01]} Be7 {[%emt 0:03:51]} 21. Qd3 {[%emt 0:02:03]} c5 {[%emt 0:09:40]} 22. Qd7 {[%emt 0:03:09]} a6 {[%emt 0:03:03]} 23. Qb7 {[%emt 0:02:40]} Qc6 {[%emt 0:02:49]} 24. Rd7 {[%emt 0:02:25]} Qxb7 {[%emt 0:01:10]} 25. Rxb7 {[%emt 0:00:01]} h6 {[%emt 0:04:57]} 26. g3 {[%emt 0:01:50]} c4 {[%emt 0:02:23]} 27. Rc2 {[%emt 0:03:51]} Rc6 {[%emt 0:09:42]} 28. Kg2 {[%emt 0:02:13]} Ree6 {[%emt 0:00:12]} 29. Bd4 {[%emt 0:04:01]} Re4 {[%emt 0:01:05]} 30. Bc3 {[%emt 0:00:52]} Bc5 {[%emt 0:00:19]} 31. Rd2 {[%emt 0:00:40]} Re7 {[%emt 0:00:56]} 32. Rb8+ {[%emt 0:01:27]} Kh7 {[%emt 0:00:05]} 33. h4 {[%emt 0:00:31]} Bb6 {[%emt 0:01:18]} 34. h5 {[%emt 0:01:50]} Rce6 {[%emt 0:00:42]} 35. Kf3 {[%emt 0:02:04]} Re8 {[%emt 0:00:35]} 36. Rxe8 {[%emt 0:03:05]} Rxe8 {[%emt 0:00:04]} 37. Rd6 {[%emt 0:03:34]} Re6 {[%emt 0:00:15]} 38. Rxe6 {[%emt 0:00:31]} fxe6 {[%emt 0:00:04]} 39. g4 {[%emt 0:00:05]} Kg8 {[%emt 0:00:50]} 40. Ke2 {[%emt 0:00:45]} Kf7 {[%emt 0:00:52]} 41. f4 {[%emt 0:30:58]} g6 {[%emt 0:05:10]} 42. Kf3 {[%emt 0:00:00]} gxh5 {[%emt 0:00:31]} 43. gxh5 {[%emt 0:00:00]} Bg1 {[%emt 0:00:54]} 44. Ke4 {[%emt 0:00:00]} Bf2 {[%emt 0:01:05]} 45. Bd4 {[%emt 0:00:00]} Bh4 {[%emt 0:01:52]} 46. a4 {[%emt 0:00:00]} Bd8 {[%emt 0:01:09]} 47. Bc3 {[%emt 0:00:00]} Bb6 {[%emt 0:02:13]} 48. Bd2 {[%emt 0:00:00]} Kf6 {[%emt 0:02:15]} 49. Bc3+ {[%emt 0:00:00]} Kf7 {[%emt 0:00:06]} 50. Bd4 {[%emt 0:00:00]} Bd8 {[%emt 0:01:13]} 51. Be5 {[%emt 0:00:00]} Bb6 {[%emt 0:00:54]} 52. Bc3 {[%emt 0:00:00]} Bf2 {[%emt 0:01:47]} 53. f5 {[%emt 0:00:00]} Bh4 {[%emt 0:08:48]} 54. a5 {[%emt 0:00:00]} Bf2 {[%emt 0:04:17]} 55. Bd2 {[%emt 0:00:00]} Bh4 {[%emt 0:02:04]} 56. Bxh6 {[%emt 0:00:00]} exf5+ {[%emt 0:00:51]} 57. Kxf5 {[%emt 0:00:00]} Be1 {[%emt 0:00:07]} 58. Bf4 {[%emt 0:00:00]} Bxa5 {[%emt 0:03:46]} 59. Ke4 {[%emt 0:01:56]} c3 {[%emt 0:00:38]} 60. b3 {[%emt 0:00:40]} Bd8 {[%emt 0:00:45]} 61. Kd3 {[%emt 0:01:38]} Bf6 {[%emt 0:00:15]} 62. Bc7 {[%emt 0:02:10]} Kg7 {[%emt 0:00:41]} 63. Ba5 {[%emt 0:00:13]} c2 {[%emt 0:00:24]} 64. Bd2 {[%emt 0:00:35]} 1-0

[Event "NOR-chT Eliteserien 2018-19"]
[Site "Norway"]
[Date "2019.01.12"]
[Round "5"]
[White "Hauge, Lars Oskar"]
[Black "Urkedal, Frode Olav Olsen"]
[Result "1/2-1/2"]
[WhiteElo "2466"]
[BlackElo "2512"]
[Annotator "ChessBase"]
[PlyCount "65"]
[EventDate "2018.11.02"]
[EventType "team-tourn"]
[EventCountry "NOR"]
[SourceTitle "playchess.com"]
[Source "ChessBase"]
[SourceQuality "1"]
[TimeControl "40/5400+30:1800+30"]

1. e4 {[%emt 0:00:00]} e5 {[%emt 0:00:00]} 2. Nf3 {[%emt 0:00:09]} Nc6 {[%emt 0:00:00]} 3. Bc4 {[%emt 0:00:32]} Bc5 {[%emt 0:00:34]} 4. O-O {[%emt 0:01:08]} Nf6 {[%emt 0:00:13]} 5. d3 {[%emt 0:00:47]} d6 {[%emt 0:00:10]} 6. c3 {[%emt 0:00:12]} h6 {[%emt 0:04:17]} 7. Bb3 {[%emt 0:02:27]} a6 {[%emt 0:03:57]} 8. Nbd2 {[%emt 0:03:13]} Ba7 {[%emt 0:00:53]} 9. Re1 {[%emt 0:04:39]} g5 {[%emt 0:00:53]} 10. Nf1 {[%emt 0:04:26]} g4 {[%emt 0:00:12]} 11. N3d2 {[%emt 0:00:53]} h5 {[%emt 0:00:09]} 12. Nc4 {[%emt 0:02:46]} h4 {[%emt 0:00:10]} 13. Be3 {[%emt 0:03:34]} Qe7 {[%emt 0:02:58]} 14. Bxa7 {[%emt 0:01:36]} Nxa7 {[%emt 0:00:07]} 15. Nce3 {[%emt 0:06:00]} Be6 {[%emt 0:02:58]} 16. Bxe6 {[%emt 0:07:48]} Qxe6 {[%emt 0:00:08]} 17. Qa4+ {[%emt 0:01:29]} Qd7 {[%emt 0:07:23]} 18. Qxd7+ {[%emt 0:00:37]} Kxd7 {[%emt 0:00:06]} 19. Nf5 {[%emt 0:00:38]} Rag8 {[%emt 0:07:36]} 20. N1e3 {[%emt 0:01:01]} Nc6 {[%emt 0:13:01]} 21. Kf1 {[%emt 0:10:25]} Ne7 {[%emt 0:08:31]} 22. Nxe7 {[%emt 0:07:34]} Kxe7 {[%emt 0:00:15]} 23. g3 {[%emt 0:00:06]} Ke6 {[%emt 0:05:43]} 24. c4 {[%emt 0:05:40]} c6 {[%emt 0:02:53]} 25. Rac1 {[%emt 0:03:53]} Rc8 {[%emt 0:06:37]} 26. Ke2 {[%emt 0:00:51]} Rcd8 {[%emt 0:11:01]} 27. Nf5 {[%emt 0:01:31]} hxg3 {[%emt 0:00:50]} 28. hxg3 {[%emt 0:00:49]} d5 {[%emt 0:04:45]} 29. Ke3 {[%emt 0:03:53]} d4+ {[%emt 0:05:45]} 30. Ke2 {[%emt 0:00:40]} Rh2 {[%emt 0:03:48]} 31. Rh1 {[%emt 0:01:31]} Rdh8 {[%emt 0:01:06]} 32. Rxh2 {[%emt 0:00:09]} Rxh2 {[%emt 0:00:05]} 33. c5 {[%emt 0:02:16]} 1/2-1/2

[Event "NOR-chT Eliteserien 2018-19"]
[Site "Norway"]
[Date "2019.01.12"]
[Round "5"]
[White "Haldorsen, Benjamin"]
[Black "Blomqvist, Erik"]
[Result "1/2-1/2"]
[WhiteElo "2454"]
[BlackElo "2491"]
[Annotator "ChessBase"]
[PlyCount "153"]
[EventDate "2018.11.02"]
[EventType "team-tourn"]
[EventCountry "NOR"]
[SourceTitle "playchess.com"]
[Source "ChessBase"]
[SourceQuality "1"]
[TimeControl "40/5400+30:1800+30"]

1. e4 {[%emt 0:00:00]} c5 {[%emt 0:00:00]} 2. Nf3 {[%emt 0:00:00]} e6 {[%emt 0:00:14]} 3. d4 {[%emt 0:00:52]} cxd4 {[%emt 0:00:09]} 4. Nxd4 {[%emt 0:00:02]} Nc6 {[%emt 0:00:11]} 5. Nc3 {[%emt 0:00:09]} a6 {[%emt 0:00:06]} 6. Nxc6 {[%emt 0:00:18]} bxc6 {[%emt 0:00:07]} 7. Bd3 {[%emt 0:00:03]} d5 {[%emt 0:00:18]} 8. O-O {[%emt 0:00:08]} Nf6 {[%emt 0:00:08]} 9. Qf3 {[%emt 0:00:04]} Be7 {[%emt 0:02:05]} 10. Qg3 {[%emt 0:00:23]} O-O {[%emt 0:00:09]} 11. Bh6 {[%emt 0:00:07]} Ne8 {[%emt 0:00:12]} 12. Bf4 {[%emt 0:00:31]} g6 {[%emt 0:01:51]} 13. Rad1 {[%emt 0:08:57]} Nf6 {[%emt 0:09:36]} 14. Be2 {[%emt 0:05:15]} a5 {[%emt 0:21:06]} 15. Rfe1 {[%emt 0:19:11]} Ba6 {[%emt 0:14:51]} 16. Bf3 {[%emt 0:03:49]} Rc8 {[%emt 0:10:00]} 17. h4 {[%emt 0:14:25]} Nd7 {[%emt 0:21:54]} 18. h5 {[%emt 0:05:35]} e5 {[%emt 0:09:54]} 19. Bxe5 {[%emt 0:14:46]} Bh4 {[%emt 0:02:19]} 20. Qh2 {[%emt 0:01:38]} Nxe5 {[%emt 0:00:07]} 21. Qxe5 {[%emt 0:00:07]} Qb6 {[%emt 0:02:38]} 22. Qd4 {[%emt 0:09:28]} Qxd4 {[%emt 0:00:13]} 23. Rxd4 {[%emt 0:00:02]} Rfe8 {[%emt 0:00:18]} 24. Rdd1 {[%emt 0:00:28]} Rb8 {[%emt 0:02:59]} 25. exd5 {[%emt 0:01:21]} Rxe1+ {[%emt 0:00:10]} 26. Rxe1 {[%emt 0:00:10]} Rxb2 {[%emt 0:00:29]} 27. Re4 {[%emt 0:09:20]} Rxc2 {[%emt 0:00:37]} 28. Rxh4 {[%emt 0:00:29]} Rxc3 {[%emt 0:00:08]} 29. dxc6 {[%emt 0:00:09]} Bb5 {[%emt 0:01:07]} 30. Rd4 {[%emt 0:00:13]} Kg7 {[%emt 0:00:20]} 31. hxg6 {[%emt 0:01:03]} hxg6 {[%emt 0:00:05]} 32. Rd7 {[%emt 0:02:07]} Rc2 {[%emt 0:00:59]} 33. Bd5 {[%emt 0:00:49]} Bxc6 {[%emt 0:00:38]} 34. Rxf7+ {[%emt 0:01:28]} Kh6 {[%emt 0:00:02]} 35. Rc7 {[%emt 0:01:52]} Ba4 {[%emt 0:00:04]} 36. Rxc2 {[%emt 0:01:26]} Bxc2 {[%emt 0:00:04]} 37. f3 {[%emt 0:00:59]} Kg5 {[%emt 0:00:22]} 38. Kf2 {[%emt 0:00:20]} Kf4 {[%emt 0:00:04]} 39. Bb3 {[%emt 0:00:23]} Bb1 {[%emt 0:00:21]} 40. a3 {[%emt 0:00:57]} g5 {[%emt 0:00:11]} 41. g3+ {[%emt 0:30:28]} Ke5 {[%emt 0:31:12]} 42. Ke3 {[%emt 0:00:00]} Bf5 {[%emt 0:00:00]} 43. f4+ {[%emt 0:00:00]} gxf4+ {[%emt 0:00:00]} 44. gxf4+ {[%emt 0:00:00]} Kd6 {[%emt 0:00:00]} 45. Kd4 {[%emt 0:00:00]} Bg6 {[%emt 0:00:00]} 46. Bc4 {[%emt 0:00:00]} Bc2 {[%emt 0:00:00]} 47. Bd3 {[%emt 0:00:00]} Bb3 {[%emt 0:00:00]} 48. Ke4 {[%emt 0:00:00]} Ke6 {[%emt 0:00:00]} 49. Kd4 {[%emt 0:00:00]} Kd6 {[%emt 0:00:00]} 50. f5 {[%emt 0:00:00]} a4 {[%emt 0:00:00]} 51. Ke4 {[%emt 0:00:00]} Bd1 {[%emt 0:00:00]} 52. Bb5 {[%emt 0:00:00]} Bb3 {[%emt 0:00:00]} 53. Bd3 {[%emt 0:00:00]} Bd1 {[%emt 0:00:00]} 54. Kf4 {[%emt 0:00:00]} Bb3 {[%emt 0:00:00]} 55. Kg5 {[%emt 0:00:00]} Ke7 {[%emt 0:00:00]} 56. Kg6 {[%emt 0:00:00]} Kf8 {[%emt 0:00:00]} 57. Kf6 {[%emt 0:00:00]} Bd1 {[%emt 0:00:00]} 58. Ke6 {[%emt 0:00:00]} Bb3+ {[%emt 0:00:00]} 59. Kf6 {[%emt 0:00:00]} Bd1 {[%emt 0:00:00]} 60. Bc4 {[%emt 0:00:00]} Bb3 {[%emt 0:00:00]} 61. Be6 {[%emt 0:00:00]} Ke8 {[%emt 0:00:00]} 62. Bc8 {[%emt 0:00:00]} Kf8 {[%emt 0:00:00]} 63. Ba6 {[%emt 0:00:00]} Bc2 {[%emt 0:00:00]} 64. Ke5 {[%emt 0:01:19]} Bb3 {[%emt 0:03:28]} 65. Be2 {[%emt 0:01:03]} Bc2 {[%emt 0:01:30]} 66. Bc4 {[%emt 0:00:27]} Bb3 {[%emt 0:00:43]} 67. Kd4 {[%emt 0:00:51]} Bc2 {[%emt 0:02:24]} 68. f6 {[%emt 0:01:25]} Bd1 {[%emt 0:01:30]} 69. Kc3 {[%emt 0:00:28]} Ke8 {[%emt 0:01:26]} 70. Kb4 {[%emt 0:01:28]} Kf8 {[%emt 0:01:11]} 71. Bb5 {[%emt 0:02:18]} Kf7 {[%emt 0:00:04]} 72. Bxa4 {[%emt 0:00:05]} Be2 {[%emt 0:00:23]} 73. Kc5 {[%emt 0:01:31]} Kxf6 {[%emt 0:00:30]} 74. Kd6 {[%emt 0:00:22]} Bd3 {[%emt 0:01:57]} 75. Bb3 {[%emt 0:00:17]} Bb5 {[%emt 0:00:16]} 76. Be6 {[%emt 0:00:40]} Ba4 {[%emt 0:00:16]} 77. Bd7 {[%emt 0:00:18] Ke5+ [%emt 00:00:04]} 1/2-1/2

[Event "NOR-chT Eliteserien 2018-19"]
[Site "Norway"]
[Date "2019.01.12"]
[Round "5"]
[White "Gausel, Einar J"]
[Black "Ranaldi, Lucas"]
[Result "1-0"]
[WhiteElo "2447"]
[BlackElo "2230"]
[Annotator "NA"]
[PlyCount "117"]
[EventDate "2018.11.02"]
[EventType "team-tourn"]
[EventCountry "NOR"]
[SourceTitle "playchess.com"]
[Source "ChessBase"]
[SourceQuality "1"]
[TimeControl "40/5400+30:1800+30"]

1. d4 {[%emt 0:00:00]} Nf6 {[%emt 0:07:51]} 2. Nf3 {[%emt 0:00:27]} e6 {[%emt 0:00:46]} 3. e3 {[%emt 0:00:08]} b6 {[%emt 0:00:07]} 4. Bd3 {[%emt 0:00:07]} Bb7 {[%emt 0:00:25]} 5. O-O {[%emt 0:00:13]} c5 {[%emt 0:00:07]} 6. c4 {[%emt 0:00:30]} Be7 {[%emt 0:00:43]} 7. b3 {[%emt 0:01:40]} O-O {[%emt 0:00:22]} 8. Nbd2 {[%emt 0:00:38]} cxd4 {[%emt 0:01:18]} 9. exd4 {[%emt 0:00:08]} d5 {[%emt 0:00:20]} 10. Bb2 {[%emt 0:00:12]} Nc6 {[%emt 0:00:46]} 11. Rc1 {[%emt 0:01:10]} Rc8 {[%emt 0:01:35]} 12. Re1 {[%emt 0:04:09]} Rc7 {[%emt 0:05:49]} 13. a3 {[%emt 0:02:52]} dxc4 {[%emt 0:18:24]} 14. bxc4 {[%emt 0:00:09]} Na5 {[%emt 0:00:45]} 15. Ne5 {[%emt 0:10:41]} Qa8 {[%emt 0:17:01]} 16. Re3 {[%emt 0:20:49]} b5 {[%emt 0:06:20]} 17. d5 {[%emt 0:09:01]} Rd8 {[%emt 0:15:34]} 18. Ng4 {[%emt 0:08:05]} Nxc4 {[%emt 0:03:28]} 19. Nxf6+ {[%emt 0:06:27]} Bxf6 {[%emt 0:00:32]} 20. Nxc4 {[%emt 0:00:05]} bxc4 {[%emt 0:05:21]} 21. Bxf6 {[%emt 0:04:46]} gxf6 {[%emt 0:00:24]} 22. Qg4+ {[%emt 0:10:22]} Kf8 {[%emt 0:01:59]} 23. Qf4 {[%emt 0:02:53]} Rxd5 {[%emt 0:05:04]} 24. Qxc7 {[%emt 0:00:27]} cxd3 {[%emt 0:02:01]} 25. Qc3 {[%emt 0:01:12]} d2 {[%emt 0:03:39]} 26. Rd1 {[%emt 0:00:26]} Qd8 {[%emt 0:00:15]} 27. Qb4+ {[%emt 0:00:21]} Qe7 {[%emt 0:00:10]} 28. Qxe7+ {[%emt 0:05:00]} Kxe7 {[%emt 0:00:01]} 29. Re2 {[%emt 0:02:45]} Rg5 {[%emt 0:00:11]} 30. f4 {[%emt 0:00:05]} Rg4 {[%emt 0:02:11]} 31. Rexd2 {[%emt 0:00:17]} Bd5 {[%emt 0:00:43]} 32. g3 {[%emt 0:01:20]} Rg8 {[%emt 0:00:48]} 33. Rxd5 {[%emt 0:03:34]} exd5 {[%emt 0:00:01]} 34. Rxd5 {[%emt 0:00:06]} Rc8 {[%emt 0:00:23]} 35. Ra5 {[%emt 0:00:27]} Rc7 {[%emt 0:00:08]} 36. Ra6 {[%emt 0:00:08]} f5 {[%emt 0:01:24]} 37. Kg2 {[%emt 0:00:32]} f6 {[%emt 0:00:17]} 38. Ra5 {[%emt 0:01:01]} Ke6 {[%emt 0:00:44]} 39. Kh3 {[%emt 0:00:51]} Rb7 {[%emt 0:00:42]} 40. Kh4 {[%emt 0:00:31]} Rc7 {[%emt 0:00:42]} 41. h3 {[%emt 0:34:35]} Rd7 {[%emt 0:01:53]} 42. Kh5 {[%emt 0:00:00]} Rc7 {[%emt 0:02:38]} 43. a4 {[%emt 0:00:00]} Rd7 {[%emt 0:00:31]} 44. Ra6+ {[%emt 0:00:00]} Kd5 {[%emt 0:05:36]} 45. Rxf6 {[%emt 0:00:00]} Ke4 {[%emt 0:00:08]} 46. Kh4 {[%emt 0:00:00]} Rd5 {[%emt 0:18:40]} 47. Re6+ {[%emt 0:00:00]} Kd4 {[%emt 0:00:15]} 48. Ra6 {[%emt 0:00:00]} Rd7 {[%emt 0:00:08]} 49. Ra5 {[%emt 0:00:00]} Rf7 {[%emt 0:00:45]} 50. Re5 {[%emt 0:00:00]} Kc4 {[%emt 0:01:36]} 51. a5 {[%emt 0:00:00]} a6 {[%emt 0:00:35]} 52. Kh5 {[%emt 0:00:00]} Kb4 {[%emt 0:01:04]} 53. Kh6 {[%emt 0:00:00]} Ka4 {[%emt 0:00:21]} 54. h4 {[%emt 0:00:00]} Kb4 {[%emt 0:00:03]} 55. h5 {[%emt 0:00:00]} Ka4 {[%emt 0:00:19]} 56. Kg5 {[%emt 0:00:00]} Rg7+ {[%emt 0:00:53]} 57. Kxf5 {[%emt 0:00:00]} Rxg3 {[%emt 0:00:06]} 58. Ke6 {[%emt 0:00:00]} Rh3 {[%emt 0:00:49]} 59. f5 {[%emt 0:00:00]} 1-0

[Event "NOR-chT Eliteserien 2018-19"]
[Site "Norway"]
[Date "2019.01.12"]
[Round "5"]
[White "Ostenstad, Berge"]
[Black "Risting, Eivind Olav"]
[Result "1/2-1/2"]
[WhiteElo "2440"]
[BlackElo "2281"]
[Annotator "NA"]
[PlyCount "88"]
[EventDate "2018.11.02"]
[EventType "team-tourn"]
[EventCountry "NOR"]
[SourceTitle "playchess.com"]
[Source "ChessBase"]
[SourceQuality "1"]
[TimeControl "40/5400+30:1800+30"]

1. c4 {[%emt 0:00:00]} e5 {[%emt 0:00:00]} 2. g3 {[%emt 0:00:00]} Nc6 {[%emt 0:00:13]} 3. Bg2 {[%emt 0:00:00]} Bc5 {[%emt 0:00:25]} 4. Nc3 {[%emt 0:00:49]} d6 {[%emt 0:00:29]} 5. d3 {[%emt 0:09:09]} a6 {[%emt 0:01:07]} 6. e3 {[%emt 0:02:21]} Ba7 {[%emt 0:00:35]} 7. Rb1 {[%emt 0:05:26]} Nf6 {[%emt 0:07:30]} 8. Nge2 {[%emt 0:02:58]} O-O {[%emt 0:00:55]} 9. O-O {[%emt 0:04:08]} Bf5 {[%emt 0:07:35]} 10. h3 {[%emt 0:03:00]} Qd7 {[%emt 0:05:40]} 11. Kh2 {[%emt 0:00:36]} h6 {[%emt 0:02:11]} 12. b4 {[%emt 0:08:02]} Rfe8 {[%emt 0:09:35]} 13. e4 {[%emt 0:13:43]} Bg6 {[%emt 0:17:47]} 14. g4 {[%emt 0:06:23]} Nd4 {[%emt 0:08:34]} 15. Nxd4 {[%emt 0:06:52]} Bxd4 {[%emt 0:08:17]} 16. Ne2 {[%emt 0:00:36]} Ba7 {[%emt 0:01:52]} 17. f4 {[%emt 0:04:19]} exf4 {[%emt 0:01:51]} 18. Nxf4 {[%emt 0:03:00]} Bd4 {[%emt 0:02:34]} 19. Kh1 {[%emt 0:01:02]} Nh7 {[%emt 0:10:31]} 20. Ne2 {[%emt 0:01:49]} Bf6 {[%emt 0:00:34]} 21. Ng3 {[%emt 0:01:10]} c6 {[%emt 0:00:44]} 22. Nf5 {[%emt 0:02:01]} b5 {[%emt 0:01:27]} 23. Qc2 {[%emt 0:05:16]} Rac8 {[%emt 0:01:12]} 24. Be3 {[%emt 0:01:32]} Qd8 {[%emt 0:03:38]} 25. Bg1 {[%emt 0:02:05]} Nf8 {[%emt 0:02:38]} 26. Qf2 {[%emt 0:06:14]} Bxf5 {[%emt 0:00:54]} 27. exf5 {[%emt 0:01:20]} Nd7 {[%emt 0:01:05]} 28. Qa7 {[%emt 0:02:35]} Ne5 {[%emt 0:00:54]} 29. Qxa6 {[%emt 0:03:47]} Ra8 {[%emt 0:01:15]} 30. Qb6 {[%emt 0:00:06]} Rxa2 {[%emt 0:01:09]} 31. Qxd8 {[%emt 0:00:20]} Rxd8 {[%emt 0:00:17]} 32. d4 {[%emt 0:01:42]} Nxc4 {[%emt 0:00:35]} 33. Bxc6 {[%emt 0:00:13]} Ra3 {[%emt 0:01:44]} 34. Kg2 {[%emt 0:02:20]} Rb8 {[%emt 0:00:34]} 35. Ra1 {[%emt 0:00:31]} Ne3+ {[%emt 0:00:20]} 36. Bxe3 {[%emt 0:01:41]} Rxe3 {[%emt 0:00:02]} 37. Rfd1 {[%emt 0:00:31]} Rb3 {[%emt 0:00:40]} 38. Ra7 {[%emt 0:00:28]} Rxb4 {[%emt 0:00:20]} 39. Bd5 {[%emt 0:00:06]} Rxd4 {[%emt 0:00:41]} 40. Rxd4 {[%emt 0:00:23]} Bxd4 {[%emt 0:00:01]} 41. Rxf7 {[%emt 0:30:17]} Kh8 {[%emt 0:30:53]} 42. Rd7 {[%emt 0:00:00]} Bf6 {[%emt 0:00:00]} 43. Rxd6 {[%emt 0:00:00]} Rd8 {[%emt 0:00:00]} 44. Rxd8+ {[%emt 0:00:00]} Bxd8 {[%emt 0:00:00]} 1/2-1/2

[Event "NOR-chT Eliteserien 2018-19"]
[Site "Norway"]
[Date "2019.01.12"]
[Round "5"]
[White "Hansen, Torbjorn Ringdal"]
[Black "Mihajlov, Sebastian"]
[Result "1-0"]
[WhiteElo "2419"]
[BlackElo "2363"]
[Annotator "NA"]
[PlyCount "39"]
[EventDate "2018.11.02"]
[EventType "team-tourn"]
[EventCountry "NOR"]
[SourceTitle "playchess.com"]
[Source "ChessBase"]
[SourceQuality "1"]
[TimeControl "40/5400+30:1800+30"]

1. e4 {[%emt 0:05:11]} e6 {[%emt 0:00:11]} 2. d4 {[%emt 0:00:07]} d5 {[%emt 0:00:03]} 3. Nd2 {[%emt 0:00:05]} a6 {[%emt 0:00:04]} 4. Bd3 {[%emt 0:00:09]} c5 {[%emt 0:00:07]} 5. dxc5 {[%emt 0:00:12]} Bxc5 {[%emt 0:00:07]} 6. Ngf3 {[%emt 0:00:22]} Nf6 {[%emt 0:00:32]} 7. O-O {[%emt 0:00:46]} Nc6 {[%emt 0:00:20]} 8. exd5 {[%emt 0:00:51]} Nxd5 {[%emt 0:00:06]} 9. Ne4 {[%emt 0:00:52]} Be7 {[%emt 0:00:46]} 10. c4 {[%emt 0:01:45]} Nf6 {[%emt 0:05:46]} 11. Qe2 {[%emt 0:03:55]} O-O {[%emt 0:01:10]} 12. Bd2 {[%emt 0:06:32]} Nxe4 {[%emt 0:07:12]} 13. Bxe4 {[%emt 0:01:23]} Bf6 {[%emt 0:00:55]} 14. Rad1 {[%emt 0:01:45]} Qb6 {[%emt 0:06:40]} 15. b4 {[%emt 0:09:16]} Rd8 {[%emt 0:05:19]} 16. Bg5 {[%emt 0:07:44]} Nxb4 {[%emt 0:26:27]} 17. Bxf6 {[%emt 0:01:49]} gxf6 {[%emt 0:00:55]} 18. Qe3 {[%emt 0:00:59]} Qc7 {[%emt 0:02:39]} 19. Qh6 {[%emt 0:00:36]} f5 {[%emt 0:01:57]} 20. Qg5+ {[%emt 0:00:08]} 1-0

[Event "NOR-chT Eliteserien 2018-19"]
[Site "Norway"]
[Date "2019.01.12"]
[Round "5"]
[White "Kaasen, Tor Fredrik"]
[Black "Machlik, Monika"]
[Result "0-1"]
[WhiteElo "2409"]
[BlackElo "2071"]
[Annotator "NA"]
[PlyCount "82"]
[EventDate "2018.11.02"]
[EventType "team-tourn"]
[EventCountry "NOR"]
[SourceTitle "playchess.com"]
[Source "ChessBase"]
[SourceQuality "1"]
[TimeControl "40/5400+30:1800+30"]

1. d4 {[%emt 0:00:00]} g6 {[%emt 0:01:50]} 2. c4 {[%emt 0:02:35]} Bg7 {[%emt 0:01:07]} 3. Nc3 {[%emt 0:01:18]} c5 {[%emt 0:01:47]} 4. d5 {[%emt 0:00:53]} d6 {[%emt 0:00:19]} 5. Nf3 {[%emt 0:14:01]} Nf6 {[%emt 0:01:18]} 6. h3 {[%emt 0:03:11]} O-O {[%emt 0:00:26]} 7. Bf4 {[%emt 0:02:26]} Na6 {[%emt 0:01:23]} 8. e3 {[%emt 0:02:51]} Nc7 {[%emt 0:02:45]} 9. Be2 {[%emt 0:03:54]} Rb8 {[%emt 0:02:29]} 10. O-O {[%emt 0:06:30]} a6 {[%emt 0:07:17]} 11. a4 {[%emt 0:04:10]} b5 {[%emt 0:02:11]} 12. axb5 {[%emt 0:04:22]} axb5 {[%emt 0:00:09]} 13. cxb5 {[%emt 0:07:59]} Bd7 {[%emt 0:01:42]} 14. e4 {[%emt 0:04:56]} Nxb5 {[%emt 0:05:23]} 15. e5 {[%emt 0:04:33]} Ne8 {[%emt 0:00:49]} 16. Re1 {[%emt 0:04:09]} Qb6 {[%emt 0:01:41]} 17. Nxb5 {[%emt 0:08:23]} Bxb5 {[%emt 0:00:00]} 18. Rb1 {[%emt 0:01:22]} Nc7 {[%emt 0:00:49]} 19. Bxb5 {[%emt 0:02:59]} Nxb5 {[%emt 0:00:14]} 20. Qd3 {[%emt 0:01:22]} Qc7 {[%emt 0:06:17]} 21. Qe3 {[%emt 0:05:45]} Qb7 {[%emt 0:04:28]} 22. Red1 {[%emt 0:03:59]} Rfd8 {[%emt 0:01:37]} 23. Bh6 {[%emt 0:04:40]} Bh8 {[%emt 0:01:31]} 24. e6 {[%emt 0:00:11]} f5 {[%emt 0:01:08]} 25. g4 {[%emt 0:00:57]} Nc7 {[%emt 0:03:34]} 26. Qd3 {[%emt 0:01:06]} Qb3 {[%emt 0:02:59]} 27. gxf5 {[%emt 0:00:35]} Qxd3 {[%emt 0:00:27]} 28. Rxd3 {[%emt 0:00:01]} c4 {[%emt 0:00:25]} 29. Rdd1 {[%emt 0:01:55]} Bxb2 {[%emt 0:04:16]} 30. Nd4 {[%emt 0:02:43]} c3 {[%emt 0:02:21]} 31. Bc1 {[%emt 0:00:46]} Nxd5 {[%emt 0:01:28]} 32. Bxb2 {[%emt 0:00:48]} Rxb2 {[%emt 0:00:17]} 33. Rbc1 {[%emt 0:00:27]} Rc8 {[%emt 0:00:41]} 34. fxg6 {[%emt 0:00:40]} hxg6 {[%emt 0:00:10]} 35. Rd3 {[%emt 0:00:26]} Rc5 {[%emt 0:01:12]} 36. Nc2 {[%emt 0:00:34]} Kg7 {[%emt 0:01:12]} 37. Kf1 {[%emt 0:00:30]} Kf6 {[%emt 0:00:24]} 38. Ne3 {[%emt 0:00:28]} Nf4 {[%emt 0:03:34]} 39. Ng4+ {[%emt 0:00:32]} Kxe6 {[%emt 0:00:54]} 40. Re3+ {[%emt 0:00:31]} Kd7 {[%emt 0:00:23]} 41. Rf3 {[%emt 0:10:12]} Ne2 {[%emt 0:00:46]} 0-1